Cartas do Clash Royale (Jun 2025) - Statistics

Estatísticas Gerais
  • Esse quiz foi jogado 838 vezes
  • A pontuação média é 89 de 119
Estatísticas das Respostas
Arena Elixir Carta % Correto
3 Cavaleiro
96%
2 Goblins
96%
4 Mini pekka
95%
1 Esqueletos
94%
5 Gigante
94%
7 Pekka
94%
5 Mago
93%
4 Bola de fogo
92%
Campo de Treino 3 Arqueiras
91%
5 Bruxa
91%
1 Espírito de fogo
91%
3 Flechas
91%
4 Mosqueteira
91%
5 Bárbaros
90%
1 Espírito de gelo
89%
4 Mago elétrico
89%
7 Megacavaleiro
89%
2 Zap
89%
Estádio Goblin 4 Cabana de goblins
88%
3 Canhão
88%
4 Corredor
88%
2 Goblins lanceiros
88%
8 Golem
88%
3 Mago de gelo
88%
5 Príncipe
87%
4 Valquíria
87%
Parquinho da P.E.K.K.A 3 Barril de goblins
86%
4 Bebê dragão
86%
1 Espírito elétrico
86%
3 Mineiro
86%
3 Exército de esqueletos
85%
6 Gigante real
85%
3 Servos
85%
3 Bandida
84%
3 Princesa
83%
4 Tesla
83%
Pico Sereno 4 Bruxa sombria
82%
4 Príncipe das trevas
82%
Oficina do Construtor 6 Foguete
81%
2 Golem de elixir
81%
5 Rainha arqueira
81%
5 Torre inferno
81%
9 Três mosqueteiras
81%
6 Relâmpago
80%
Montanha do Porco 6 Bárbaros de elite
79%
6 Cabana de bárbaros
79%
Cidade Assombrada 5 Cemitério
79%
4 Dragão infernal
79%
3 Gangue de goblins
79%
4 Rei esqueleto
79%
Arena Real 5 Balão
78%
Arena da Selva 2 Barril de bárbaro
78%
Mina do Mineiro 4 Bruxa mãe
78%
A Cozinha do Executor 4 Cavaleiro dourado
78%
5 Dragão elétrico
78%
1 Espírito de cura
78%
4 Gelo
78%
Fosso dos ossos 2 Bombardeiro
77%
6 Esqueleto gigante
77%
2 Fúria
77%
6 Goblin gigante
77%
2 Golem de gelo
77%
3 Lápide
77%
4 Lenhador
77%
Pico Congelado 2 Bola de neve
76%
3 Goblin com dardo
76%
5 Monge
76%
3 Pequeno príncipe
76%
7 Gigante elétrico
75%
5 Horda de servos
75%
5 Executor
74%
4 Mineiro bombado
74%
5 Porcos reais
74%
4 Veneno
74%
6 X-besta
74%
? Espelho
73%
4 Jaula de goblin
73%
4 Morteiro
73%
3 Pirotécnica
73%
Cripta Real 6 Bandida-líder
72%
6 Sparky
71%
3 Clone
70%
Torneio Bárbaro 4 Aríete de batalha
69%
4 Fornalha
69%
7 Lava hound
69%
5 Patifes
69%
4 Torre de bombas
69%
3 Fantasma real
68%
Santuário Silencioso 5 Goblinstein
68%
3 Barril de esqueletos
67%
3 Guardas
67%
2 O tronco
67%
6 Coletor de elixir
66%
7 Recrutas reais
66%
4 Arqueiro mágico
65%
3 Megasservo
65%
5 Lançador
64%
2 Berserker
63%
Eletrovale 5 Domadora de carneiro
63%
Vale dos Feitiços 4 Dragões esqueleto
63%
2 Maldição goblin
63%
3 Terremoto
63%
3 Tornado
63%
3 Encomenda real
62%
3 Vácuo
61%
5 Máquina goblin
60%
4 Gigante das runas
59%
4 Máquina voadora
59%
2 Destruidores de muros
57%
3 Pescador
56%
4 Caçador
55%
4 Curadora guerreira
54%
5 Carrinho de canhão
53%
4 Eletrocutadores
51%
4 Escavadeira de goblins
50%
4 Fênix
48%
Covil dos Patifes 2 Arbusto traiçoeiro
41%
4 Goblin demolidor
40%
2 Mocegos
10%
Nenhum quiz correspondente encontrado
Distribuição das Pontuações
Porcentagem de Pessoas com Cada Pontuação
Percentil de Números Respondidos
Sua Pontuação Histórica
Você não jogou esse quiz